Journal of the Straits Branch of the Royal Asiatic Society.

Bibliographic Details
New Title:Journal of the Malayan Branch of the Royal Asiatic Society
Corporate Author: Straits Branch of the Royal Asiatic Society
Format: Journal
Language:English
Published: [Singapore] : [Straits Branch of the Royal Asiatic Society,], 1878-1922.
Subjects:
Online Availability: Check for online availability

MARC

Tag First Indicator Second Indicator Subfields
LEADER 00000cas a2200000Ia 4500
001 in00003402637
005 20151206081121.0
006 m o d
007 cr bn||||||abp
007 cr bn||||||ada
008 100321d18781922si fr pso 0 a0eng d
022 |a 2304-7542  |y 2304-7534 
035 |a (OCoLC)ocn565346669 
035 |a (OCoLC)565346669 
040 |a OCLCE  |b eng  |c OCLCE  |d OCLCO  |d OCLCQ  |d EYM  |d TXA  |d UtOrBLW 
042 |a dlr 
043 |a am-----  |a a-th---  |a a-si--- 
049 |a TXAM 
050 4 |a AS492  |b .R88 Electronic 
082 0 4 |a 959.5  |2 18 
245 0 0 |a Journal of the Straits Branch of the Royal Asiatic Society. 
264 1 |a [Singapore] :  |b [Straits Branch of the Royal Asiatic Society,],  |c 1878-1922. 
310 |a Semiannual 
336 |a text  |b txt  |2 rdacontent 
337 |a computer  |b c  |2 rdamedia 
338 |a online resource  |b cr  |2 rdacarrier 
362 1 |a Began with: No. 1 (July 1878); ceased: No. 86 (Nov. 1922). 
506 |3 Use copy  |f Restrictions unspecified  |2 star  |5 MiAaHDL 
525 |a Sept. 1921. A bibliographic enumeration of Bornean plants, by E.D. Merrill. 
533 |a Electronic reproduction.  |b [S.l.] :  |c HathiTrust Digital Library,  |d 2010.  |5 MiAaHDL 
538 |a Mode of access: World Wide Web. 
555 |a No. 1-50, 1878-1908. (Issued as no. 51); No. 1-86, 1878-1922. 1 v. 
583 1 |a digitized  |c 2010  |h HathiTrust Digital Library  |l committed to preserve  |2 pda  |5 MiAaHDL 
588 |a Description based on: No. 1 (July 1878); title from PDF cover (JSTOR, viewed April 10, 2013). 
588 |a Latest issue consulted: No. 86 (Nov. 1922) (JSTOR, viewed April 10, 2013). 
500 |a Electronic resource. 
651 0 |a Malay Peninsula  |v Periodicals. 
651 0 |a Great Britain  |x Colonies  |z Straits Settlements  |v Periodicals. 
650 0 |a Malayan languages  |v Periodicals. 
710 2 |a Straits Branch of the Royal Asiatic Society. 
776 0 8 |i Print version:  |t Journal of the Straits Branch of the Royal Asiatic Society  |w (OCoLC)2015693 
785 0 0 |t Journal of the Malayan Branch of the Royal Asiatic Society  |w (OCoLC)679379078 
948 |a cataloged  |b h  |c 2013/8/16  |d c  |e spoltoratski  |f 9:20:50 am  |g sc 
994 |a C0  |b TXA 
999 |a MARS 
999 f f |s 3d19e962-db39-32a6-a4eb-1fd73d5f45ff  |i 456df0a2-6a63-30c6-88bc-94aba876ae4c  |t 0 
952 f f |a Texas A&M University  |b College Station  |c Electronic Resources  |d Available Online  |t 0  |e AS492 .R88 Electronic  |h Library of Congress classification 
998 f f |a AS492 .R88 Electronic  |t 0  |l Available Online